| 000 | 00966nam a2200277 i 4500 | ||
|---|---|---|---|
| 001 | 31549 | ||
| 003 | ES-MaACL | ||
| 005 | 20231218150755.0 | ||
| 007 | t| | ||
| 008 | 030129s2012 sp |||| |aspa d | ||
| 020 | _a978-84-8108-530-3 | ||
| 100 | 1 |
_aSiles Artés, José, _d1930- _9106341 |
|
| 245 | 1 | 0 |
_aAl pie de la Alcazaba (1943-1950) / _cJosé Siles Artés. |
| 250 | _a1ª ed. | ||
| 260 |
_aAlmería : _bInstituto de Estudios Almerienses, _c2012. |
||
| 300 |
_a174 p. ; _c21 cm. |
||
| 490 | 1 |
_aLetras ; _v62. _aNarrativa |
|
| 600 | 1 | 4 |
_aSiles Artés, José, _d1930- _9106341 |
| 710 | 2 |
_aInstituto de Estudios Almerienses. _94887 |
|
| 830 | 1 |
_aLetras ; _v62. _aNarrativa _9229375 |
|
| 852 | 4 |
_aES-MaACL _jA-12123 _9 32716 _bR.148839 _cDEPO1 _dOlim: N-5128 _xDonación: del autor José Siles Artes |
|
| 903 |
_aSiles Artés, José, _d1930- _ednr _9106341 |
||
| 942 |
_2udc _cMONOGRAFIA |
||
| 999 |
_c31549 _d31549 |
||